Bezirk Lausanne - Statistiken

Allgemein
  • Dieses Quiz wurde 14 mal gespielt
  • Das Durchschnittsergebnis liegt bei 8 aus 12
Antwortstatistiken
Gemeinde Einwohner % Korrekt
Lausanne 117'744
100%
Pully 16'538
83%
Cheseaux-sur-Lausanne 3308
67%
Epalinges 7849
67%
Le Mont-sur-Lausanne 5233
67%
Prilly 10'806
67%
Renens 18'337
67%
Romanel-sur-Lausanne 3221
67%
Belmont-sur-Lausanne 3098
50%
Crissier 6807
50%
Jouxtens-Mézery 1305
50%
Paudex 1356
33%
Keine übereinstimmenden Quizze gefunden
Verteilung der Resultate
Anzahl Personen mit jedem Resultat
Perzentil nach korrekt beantworteten Fragen
Ihre Resultats-Entwicklung
Sie haben dieses Quiz noch nicht gespielt